000 00288nam a22001337a 4500
008 171124b xxu||||| |||| 00| 0 eng d
020 _a0805366512
041 _aeng
080 _23RD
_a54
100 _a12
101 _aKIM
245 _aORGANIC CHEMISTRY
_cLOUDON,G.M
942 _2udc
_cBK
999 _c38483
_d38483